000 00543nam a22001817a 4500
005 20231114144032.0
008 231114b |||||||| |||| 00| 0 eng d
020 _a0702114065
041 _aEnglish
082 _a344.5 LAN
100 _aKruger, A
_lEnglish
245 _aLandsown's: South African Liquor Law /
_cA Kruger
250 _aFifth Edition
260 _aCape Town :
_bJuta and Company Ltd,
_c1983
300 _bxxxix, 536 pages ;
_c26 cm.
650 _aLegal practice
_bLaw
942 _cBK
_6ALISON_BN_VRIES
999 _c640
_d640